Hiszpańskie słówka - Statystyki

Ogólne statystyki
  • Ten quiz został rozwiązany 270 razy
  • Średni wynik to 16 z 25
Statystyki odpowiedzi
Słówko po polsku Słówko po hiszpańsku % Poprawnych
2. matka madre
95%
1. ojciec padre
95%
8. brat hermano
81%
9. siostra hermana
80%
3. syn hijo
79%
4. córka hija
78%
6. babcia abuela
77%
13. pieniądze dinero
77%
11. kot gato
77%
10. pies perro
77%
7. dziadek abuelo
76%
18. mleko leche
76%
14. chleb pan
71%
16. jabłko manzana
69%
17. woda aqua
67%
15. ser queso
66%
12. życie vida
64%
5. dziecko niño
60%
19. piwo cerveza
52%
24. morze mar
50%
23. samochód coche
48%
21. powietrze aire
30%
25. drzewo árbol
27%
20. ziemia tierra
19%
22. kamień piedra
11%
Nie znaleziono quizów pasujących do podanych kryteriów
Rozkład punktacji
Procent ludzi z każdym wynikiem
Percentyl według liczby udzielonych odpowiedzi
Twoja historia wyników
Nie rozwiązałeś tego quizu